[Event "La Roda op 48th"]
[Site "La Roda"]
[Date "2022.04.15"]
[Round "4"]
[White "Sargsyan, Shant"]
[Black "Fernandez Seco, Julian"]
[Result "1-0"]
[WhiteElo "2639"]
[BlackElo "2040"]
[PlyCount "51"]
[EventDate "2022.04.13"]
[EventType "swiss"]
[EventRounds "9"]
[EventCountry "ESP"]
[SourceTitle "CBM 207 Extra"]
[Source "ChessBase"]
[SourceDate "2022.05.31"]
[SourceVersion "1"]
[SourceVersionDate "2022.05.31"]
[SourceQuality "1"]

1. e4 c5 2. Nf3 d6 3. Bb5+ Bd7 4. a4 Nc6 5. 0-0 Nf6 6. Re1 e6 7. c3 Be7 8. d4 cxd4 9. cxd4 a6 10. Bf1 e5 11. d5 Nb8 12. h3 h6 13. Nc3 b6 14. Be3 Bc8 15. Nd2 Nbd7 16. Nc4 0-0 17. Qb3 Rb8 18. Rec1 Qc7 19. Qa3 Ne8 20. a5 b5 21. Nb6 Qd8 22. Na2 Bb7 23. Nb4 Nc5 24. Nc6 Bxc6 25. dxc6 Nf6 26. c7 1-0

[Event "Benidorm op U2300 13th"]
[Site "Benidorm"]
[Date "2014.12.06"]
[Round "9"]
[White "Fernandez Seco, Julian"]
[Black "Montalban Galvez, Antonio"]
[Result "0-1"]
[WhiteElo "2036"]
[BlackElo "2192"]
[PlyCount "72"]
[EventDate "2014.11.28"]
[EventType "swiss"]
[EventRounds "10"]
[EventCountry "ESP"]
[SourceTitle "CBM 163 Extra"]
[Source "ChessBase"]
[SourceDate "2014.12.23"]
[SourceVersion "1"]
[SourceVersionDate "2014.12.23"]
[SourceQuality "1"]

1. Nf3 Nf6 2. g3 g6 3. Bg2 Bg7 4. 0-0 0-0 5. d3 d5 6. h3 c5 7. Nbd2 Nc6 8. c3 b6 9. e4 Ba6 10. Ne1 dxe4 11. Nxe4 Nxe4 12. Bxe4 Qc7 13. Bf4 e5 14. Bg5 h6 15. Bd2 Rad8 16. Qa4 Bb7 17. Qb3 Kh7 18. Qc2 f5 19. Bg2 Rd7 20. f4 Qd8 21. Be3 Qa8 22. a4 exf4 23. gxf4 Re8 24. Bf2 Rde7 25. Rd1 Re6 26. h4 Ne7 27. Bxb7 Qxb7 28. Ng2 Nd5 29. Rfe1 Nf6 30. Rxe6 Rxe6 31. Re1 Rxe1+ 32. Nxe1 Ng4 33. Bg3 Qe7 34. Qd2 Qe8 35. Qc2 Qe3+ 36. Kg2 Qxe1 0-1

[Event "Almansa op 6th"]
[Site "Almansa"]
[Date "2011.08.09"]
[Round "1"]
[White "Fernandez Seco, Julian"]
[Black "Jordan Martinez, David"]
[Result "1-0"]
[WhiteElo "2000"]
[BlackElo "2141"]
[PlyCount "51"]
[EventDate "2011.08.09"]
[EventType "swiss"]
[EventRounds "9"]
[EventCountry "ESP"]
[SourceTitle "CBM 144 Extra"]
[Source "ChessBase"]
[SourceDate "2011.10.28"]
[SourceVersion "1"]
[SourceVersionDate "2011.10.28"]
[SourceQuality "1"]

1. e4 c5 2. Nf3 Nc6 3. d4 cxd4 4. Nxd4 Nf6 5. Nc3 e5 6. Ndb5 d6 7. Nd5 Nxd5 8. exd5 Nb8 9. c4 a6 10. Nc3 Be7 11. Be2 0-0 12. 0-0 f5 13. f4 Bf6 14. Qc2 Qb6+ 15. Kh1 g6 16. Rb1 Nd7 17. b4 Qc7 18. Qb3 Kg7 19. Rf3 Re8 20. Rh3 b6 21. g4 exf4 22. Bxf4 fxg4 23. Bxg4 Ne5 24. Bxc8 Raxc8 25. Ne4 Qxc4 26. Bh6+ 1-0

[Event "La Roda op 38th"]
[Site "La Roda"]
[Date "2011.04.20"]
[Round "1"]
[White "Fernandez Seco, Julian"]
[Black "Khamrakulov, Ibragim S"]
[Result "0-1"]
[WhiteElo "1995"]
[BlackElo "2495"]
[PlyCount "67"]
[EventDate "2011.04.20"]
[EventType "swiss"]
[EventRounds "9"]
[EventCountry "ESP"]
[SourceTitle "EXT 2012"]
[Source "ChessBase"]
[SourceDate "2011.11.24"]
[SourceVersion "1"]
[SourceVersionDate "2011.11.24"]
[SourceQuality "1"]

1. e4 c5 2. Nf3 a6 3. Nc3 b5 4. a4 b4 5. Nd5 e6 6. Ne3 d5 7. exd5 exd5 8. d4 c4 9. g3 Nf6 10. Bg2 Be7 11. 0-0 0-0 12. Ne5 Ra7 13. Re1 Re8 14. Qf3 Be6 15. Nf5 Qc8 16. Bh3 Nc6 17. c3 Nxe5 18. Rxe5 Ne4 19. cxb4 Bf6 20. Rxd5 Qa8 21. Ra5 Ng5 22. Qxa8 Nxh3+ 23. Kg2 Raxa8 24. f4 Bd8 25. Re5 Bc7 26. Rc5 Bb6 27. Re5 g6 28. Nh6+ Kg7 29. f5 Bxd4 30. Ra5 gxf5 31. Kxh3 Kg6 32. g4 fxg4+ 33. Nxg4 f6 34. Kg3 0-1

[Event "Benidorm op U2000 08th"]
[Site "Benidorm"]
[Date "2009.12.07"]
[Round "10"]
[White "Fernandez Seco, Julian"]
[Black "Rodriguez Marcos, Jose Ramon"]
[Result "0-1"]
[WhiteElo "1962"]
[BlackElo "1999"]
[PlyCount "91"]
[EventDate "2009.11.28"]
[EventType "swiss"]
[EventRounds "10"]
[EventCountry "ESP"]
[SourceTitle "CBM 133 Extra"]
[Source "ChessBase"]
[SourceDate "2010.01.05"]
[SourceVersion "1"]
[SourceVersionDate "2010.01.05"]
[SourceQuality "1"]

1. e4 c5 2. Nf3 d6 3. d4 cxd4 4. Nxd4 Nf6 5. Nc3 a6 6. Bg5 e6 7. f4 Qc7 8. Qf3 Be7 9. 0-0-0 Nbd7 10. g4 b5 11. Bd3 Bb7 12. Bxf6 Nxf6 13. g5 Nd7 14. Rhe1 b4 15. Nce2 Nc5 16. Kb1 Rc8 17. Rc1 0-0 18. h4 f5 19. gxf6 Bxf6 20. Qg4 Rfe8 21. f5 d5 22. exd5 exd5 23. Nf3 Ne4 24. Qf4 Qb6 25. h5 Nc3+ 26. Nxc3 bxc3 27. b3 d4 28. Be4 Qc5 29. Ka1 Bxe4 30. Rxe4 d3 31. b4 Qc6 32. Ne5 Bxe5 33. Rxe5 Rxe5 34. Qxe5 Re8 35. Qg3 d2 36. Rg1 Qd7 37. Rd1 Qd4 38. h6 Qe5 39. Qg2 Qf6 40. Qd5+ Qf7 41. Qg2 Re1 42. Qa8+ Qe8 43. Qd5+ Kh8 44. hxg7+ Kxg7 45. Qd4+ Qe5 46. Qf4 0-1